00734nam a22002177a 450000500170000001000150001702000230003203500140005503700090006908200100007810000270008824500560011525000110017126000370018227000740021930000190029370000330031294200240034599900190036995201280038820241212152003.0 aENG-143032 c245.00a8179700739 aEN-126564 bDBAD a580.3 aShukla abhishek975093 aIntroduction to Plant Quarantine /cAbhishek Shukla aFirst  aNew DelhibSamay Prakashanc2007 bNew DelhiaI-1/16, Shanti Mohan House, Ansari Road, Daryaganje110002 a97p.c23cm(hb) aO.P. Vedaeco- author975094 2ddccENh580.3mSHU c207651d207651 001040708NFICaCJbCJd2024-12-12eDBADg245.00l0o580.3 SHUpEN-126564r2024-12-12 00:00:00t1v245.00w2024-12-12yEN